|
|
|
|
| LEADER |
00000cam a22000004a 4500 |
| 001 |
musev2_32769 |
| 003 |
MdBmJHUP |
| 005 |
20230905043444.0 |
| 006 |
m o d |
| 007 |
cr||||||||nn|n |
| 008 |
140623s2014 txu o 00 0 eng d |
| 020 |
|
|
|a 9781574415629
|
| 020 |
|
|
|z 9781574415520
|
| 035 |
|
|
|a (OCoLC)881611571
|
| 040 |
|
|
|a MdBmJHUP
|c MdBmJHUP
|
| 100 |
1 |
|
|a Olstad, Tyra A.
|
| 245 |
1 |
0 |
|a Zen of the Plains :
|b Experiencing Wild Western Places
|
| 264 |
|
1 |
|a Denton :
|b University of North Texas Press,
|c 2014.
|
| 264 |
|
3 |
|a Baltimore, Md. :
|b Project MUSE,
|c 2014
|
| 264 |
|
4 |
|c ©2014.
|
| 300 |
|
|
|a 1 online resource (288 pages).
|
| 336 |
|
|
|a text
|b txt
|2 rdacontent
|
| 337 |
|
|
|a computer
|b c
|2 rdamedia
|
| 338 |
|
|
|a online resource
|b cr
|2 rdacarrier
|
| 490 |
0 |
|
|a Southwestern Nature Writing Series
|
| 505 |
0 |
|
|a Maps, Illustrations, and Diagrams; Acknowledgments; Prologue: Flyover Country; Scottsbluff, NE; Chapter 1 -- Shortgrass /Semi-Desert Shrub-Steppe; 1.1 Terra Incognita; 1.2 Can't Get Lost; 1.3 Blank; Interim: Highway 36; 1.4 Slow down!; 1.5 Rhythms, Cycles, Spirals; Part I : Sun-sitting; Part II : A Day; Interim : Sense of Place; 1.6 The Quest; Interim: Dream of Place; Chapter 2 -- Mixedgrass; 2.1 Wonderlands; 2.2 National Grasslands; 2.3 Animal Encounters; Interim: Medora to Marmarth (with some dinosaur statues in between); 2.4 Interpretation and Inspiration; Chapter 3 -- Tallgrass.
|
| 505 |
0 |
|
|a 3.1 Experiment and Experience Or, How I Tried to Like a Prairie; Interim: In Which I Discover an Island and Fall in Love with a Forest; 3.2 Conversations with Konza; Chapter 4 -- Shortgrass /Semi-Desert Shrub-Steppe; 4.1 The Return to the Plains; Interim: The Mapmaker's Discipline; 4.2: Winter; Conclusion -- A Brief Meditation on Expectation and Emptiness; Endnotes; Bibliography; Index.
|
| 520 |
|
|
|a Although spare, sweeping landscapes may appear ""empty, "" plains and prairies afford a rich, unique aesthetic experience--one of quiet sunrises and dramatic storms, hidden treasures and abundant wildlife, infinite horizons and omnipresent wind, all worthy of contemplation and celebration.
|
| 546 |
|
|
|a English.
|
| 588 |
|
|
|a Description based on print version record.
|
| 650 |
|
7 |
|a Zen Buddhism.
|2 fast
|0 (OCoLC)fst01184197
|
| 650 |
|
7 |
|a Wilderness areas.
|2 fast
|0 (OCoLC)fst01175164
|
| 650 |
|
7 |
|a Plains.
|2 fast
|0 (OCoLC)fst01065075
|
| 650 |
|
7 |
|a Natural history.
|2 fast
|0 (OCoLC)fst01034268
|
| 650 |
|
7 |
|a Grasslands.
|2 fast
|0 (OCoLC)fst00946817
|
| 650 |
|
7 |
|a TRAVEL
|x Special Interest
|x Ecotourism.
|2 bisacsh
|
| 650 |
|
7 |
|a NATURE
|x Reference.
|2 bisacsh
|
| 650 |
|
7 |
|a NATURE
|x Essays.
|2 bisacsh
|
| 650 |
|
7 |
|a Ch'an (religion)
|2 aat
|
| 650 |
|
7 |
|a Zenaga (language)
|2 aat
|
| 650 |
|
7 |
|a khans (built works)
|2 aat
|
| 650 |
|
6 |
|a Bouddhisme zen.
|
| 650 |
|
0 |
|a Zen Buddhism.
|
| 650 |
|
0 |
|a Natural history
|z West (U.S.)
|
| 650 |
|
0 |
|a Grasslands
|z West (U.S.)
|v Pictorial works.
|
| 650 |
|
0 |
|a Grasslands
|z West (U.S.)
|x Philosophy.
|
| 650 |
|
0 |
|a Plains
|z West (U.S.)
|v Pictorial works.
|
| 650 |
|
0 |
|a Plains
|z West (U.S.)
|x Philosophy.
|
| 650 |
|
0 |
|a Wilderness areas
|z West (U.S.)
|v Pictorial works.
|
| 650 |
|
0 |
|a Wilderness areas
|z West (U.S.)
|x Philosophy.
|
| 651 |
|
7 |
|a West United States.
|2 fast
|0 (OCoLC)fst01243255
|
| 651 |
|
0 |
|a West (U.S.)
|v Pictorial works.
|
| 655 |
|
7 |
|a Pictorial works.
|2 fast
|0 (OCoLC)fst01423874
|
| 655 |
|
7 |
|a Electronic books.
|2 local
|
| 710 |
2 |
|
|a Project Muse.
|e distributor
|
| 830 |
|
0 |
|a Book collections on Project MUSE.
|
| 856 |
4 |
0 |
|z Texto completo
|u https://projectmuse.uam.elogim.com/book/32769/
|
| 945 |
|
|
|a Project MUSE - Custom Collection
|
| 945 |
|
|
|a Project MUSE - 2014 US Regional Studies, Midwest
|
| 945 |
|
|
|a Project MUSE - 2014 Complete
|